Countries Closest to The Gambia - One Minute Sprint - Statistics

General Stats
  • This quiz has been taken 65 times
  • The average score is 15 of 20
Answer Stats
km country miles % Correct
0 Senegal 0
98%
189 Mali 118
93%
1357 Morocco 843
91%
74 Guinea 46
89%
61 Guinea-Bissau 38
89%
1511 Niger 939
89%
413 Sierra Leone 257
88%
214 Mauritania 133
86%
1505 Togo 935
86%
665 Liberia 413
82%
1221 Ghana 759
81%
1868 Nigeria 1161
81%
721 Côte d'Ivoire 448
77%
1584 Algeria 984
75%
700 Cabo Verde 435
75%
1615 Benin 1004
74%
940 Burkina Faso 584
67%
1548 Spain 962
53%
2099 Portugal 1305
40%
799 Western Sahara 496
28%
No matching quizzes found
Score Distribution
Percent of People with Each Score
Percentile by Number Answered
Your Score History
You have not taken this quiz